00943cam a2200193 i 4500040000800000082002600008245016700034260007700201300002900278500011900307500002600426650001700452650001700469710006100486710004600547942001000593999001700603952012900620 cDLC00a664 FOO 1974 C158 Or.00aRefrigeration applications to fish, fruit, and vegetables in South East Asia :ban international short-term training course, Durgapur, India, January 14-24, 1974. aRome :bFood and Agriculture Organization of the United Nations,cc1974. a249 p. :bill. ;c24 cm. aSponsored by Food and Agriculture Organization of the United Nations and International Institute of Refrigeration. aErrata slip inserted. 0aCold storage 0aFrozen foods2 aFood and Agriculture Organization of the United Nations.2 aInternational Institute of Refrigeration. cAEDBB c19006d19006 0010406664_000000000000000_FOO_1974_C158_OR70983751aLBCbLBCd2020-02-25eA38948o664 FOO 1974 C158 Or.r2020-02-25yEK